Southville International School and Colleges
Your cart is empty.
  • Cart
  • Lists
    Public lists Eva Luna New books Lux_list list_1
    Your lists Log in to create your own lists
  • Log in to your account
  • Your cookies
  • Search history
Southville International School and Colleges
  • Advanced search
  • Recent comments
  • Most popular
  • Libraries

Log in to your account

Log in with GOOGLE


If you do not have an external account, but do have a local account, you can still log in:

  1. Home
  2. MARC view: Say the magic word, please /
Normal view MARC view ISBD view

Say the magic word, please / (Record no. 103779)

[ view plain ]
MARC details
000 -LEADER
fixed length control field 00684nam a2200193 a 4500
005 - DATE AND TIME OF LATEST TRANSACTION
control field 20140412111307.0
008 - FIXED-LENGTH DATA ELEMENTS--GENERAL INFORMATION
fixed length control field 010425s19uu xx 00 eng d
020 ## - INTERNATIONAL STANDARD BOOK NUMBER
International Standard Book Number 0-394-85857-3
050 ## - LIBRARY OF CONGRESS CALL NUMBER
Classification number TR(PS E
Item number Sa1 1990
100 ## - MAIN ENTRY--PERSONAL NAME
Personal name Ross, Anna
245 ## - TITLE STATEMENT
Title Say the magic word, please /
Statement of responsibility, etc by Anna Ross ; illustrated by Norman Gorbaty.
260 ## - PUBLICATION, DISTRIBUTION, ETC. (IMPRINT)
Place of publication, distribution, etc New York :
Name of publisher, distributor, etc Random House/CTW,
Date of publication, distribution, etc 1990.
300 ## - PHYSICAL DESCRIPTION
Extent 1v. (unp.) ; ill.
500 ## - GENERAL NOTE
General note Featuring Jim Henson's Sesame Street Muppets
520 ## - SUMMARY, ETC.
Summary, etc The Muppet toddlers say "Please", "I'm sorry", "Thank you", and other "magic" words at the appropriate times.
650 ## - SUBJECT ADDED ENTRY--TOPICAL TERM
Topical term or geographic name as entry element Etiquette-Fiction
650 ## - SUBJECT ADDED ENTRY--TOPICAL TERM
Topical term or geographic name as entry element Puppets-Fiction
Holdings
Withdrawn status Lost status Damaged status Home library Current library Shelving location Date acquired Source of acquisition Total Checkouts Full call number Barcode Date last seen Price effective from Koha item type
      Elizalde Library Elizalde Library Teachers Reference Section 04/25/2001     TR(PS E Sa1 1990 E5866 04/12/2014 04/12/2014 Books

Say the magic word, please /

APA

Ross A., . (1990). Say the magic word, please. New York: Random House/CTW.

Chicago

Ross Anna, . 1990. Say the magic word, please. New York: Random House/CTW.

Harvard

Ross A., . (1990). Say the magic word, please. New York: Random House/CTW.

MLA

Ross Anna, . Say the magic word, please. New York: Random House/CTW. 1990.

  • Place hold
  • Print
  • Cite
  • Add to your cart (remove)
  • Save record
    BIBTEX Dublin Core MARCXML MARC (non-Unicode/MARC-8) MARC (Unicode/UTF-8) MARC (Unicode/UTF-8, Standard) MODS (XML) RIS
  • More searches
    Search for this title in:
    Other Libraries (WorldCat) Other Databases (Google Scholar) Online Stores (Bookfinder.com) Open Library (openlibrary.org)

Exporting to Dublin Core...

SOUTHVILLE LIBRARY

Southville International School and Colleges Library

1281 Tropical Ave. Cor. Luxembourg St., BF Homes International, Las Pinas City

Tel. No. 8256374 / 252358 Loc. 117/146

Powered by Koha